000
00212nam a2200097Ia 4500
999
_c
7258
_d
7258
100
_a
Roy J.Ruffin
245
0
_a
Principles of Economics
260
_a
New York
_b
Addison Wesley
_c
1996
300
_a
800
942
_c
BK